000 00928nam2a22002531 4500
001 RU\NLR\INFOCOMM4\1000549557
005 20040416154659.0
035 _a(NLR Aleph) 002506003
090 _a2636165
_c2636164
100 _a20040416d1986 |||y0rusy50 ba
101 0 _arus
102 _aRU
105 _ay |||||||||
200 1 _aТехнология лесозаготовок в горных условиях с сохранением лесной среды
_fГ. Г. Кокая
210 _d1986
461 0 _1001RU\NLR\INFOCOMM4\1000549420
_12001#$aЛесоэксплуатация и лесосплав$v1986, Вып.29
_92634985
_cМ.
_d1979-
_tЛесоэксплуатация и лесосплав
_v1986, Вып.29
700 1 _aКокая
_bГ. Г.
_4070
801 0 _aRU
_bNLR
_gPSBO
801 1 _aRU
_bInfoComm
_c20040416
852 _aNLR
_jП13/1595
942 _cISSUE
980 _aNB
980 _aRUSPER